LEADER 02997 am 2200601 n 450 001 9910416524603321 005 20200416 010 $a2-84832-455-4 024 7 $a10.4000/books.apu.16073 035 $a(CKB)4100000011314343 035 $a(FrMaCLE)OB-apu-16073 035 $a(oapen)https://directory.doabooks.org/handle/20.500.12854/52897 035 $a(PPN)248499645 035 $a(EXLCZ)994100000011314343 100 $a20200624j|||||||| ||| 0 101 0 $afre 135 $auu||||||m|||| 181 $ctxt$2rdacontent 182 $cc$2rdamedia 183 $acr$2rdacarrier 200 10$aMaurice Carême. « Comme une boule de cristal? » Entre poésie savante et chanson populaire $eTextes et contextes /$fBrigitte Buffard-Moret, Jean Cléder 210 $aArras $cArtois Presses Université$d2020 215 $a1 online resource (266 p.) 311 $a2-84832-163-6 330 $a« Je voudrais que ma poésie soit comme une boule de cristal dont on ne verrait plus que la clarté. J?écris pour que même la plus humble des servantes me comprenne » : c?est le souhait que fait Maurice Carême dans une lettre écrite à Jeannine Burny, la femme qui fut le grand amour de sa vie, qui l?a inspiré, a collaboré avec lui et veille sur son ?uvre depuis sa disparition. Une boule de cristal est un objet qui paraît d?une limpidité toute simple. Mais que de travail pour parvenir à ce résultat... Pour qualifier la poésie de Maurice Carême, on a souvent employé les termes de simplicité, de naïveté. Mais simplicité n?est pas simplisme et, à travers cette étude et les entretiens avec Jeannine Burny, on découvrira que Maurice Carême a su puiser à la fois à la source de la chanson populaire et à celle de la poésie savante. Un grand choix de poèmes, dont une section de 32 inédits, ponctue cette analyse de l??uvre, et des photographies de la « Maison blanche » de Maurice Carême permettront de comprendre combien l?art du poète était indissociable de son art de vivre. 517 $aMaurice Carême. « Comme une boule de cristal? » Entre poésie savante et chanson populaire 606 $aPoetry 606 $amusique 606 $ainterprétation 606 $alittérature 606 $acritique 606 $apoésie 606 $apoésie savante 610 $apoésie 610 $amusique 610 $ainterprétation 610 $alittérature 610 $acritique 610 $apoésie savante 615 4$aPoetry 615 4$amusique 615 4$ainterprétation 615 4$alittérature 615 4$acritique 615 4$apoésie 615 4$apoésie savante 700 $aBuffard-Moret$b Brigitte$0617382 701 $aCléder$b Jean$0785407 801 0$bFR-FrMaCLE 906 $aBOOK 912 $a9910416524603321 996 $aMaurice Carême. « Comme une boule de cristal? » Entre poésie savante et chanson populaire$93032764 997 $aUNINA LEADER 03237nam 2200625 450 001 9910818155203321 005 20200520144314.0 010 $a0-19-999626-1 010 $a0-19-989598-8 035 $a(CKB)2550000001064202 035 $a(EBL)4704510 035 $a(MiAaPQ)EBC4704510 035 $a(MiAaPQ)EBC1073459 035 $a(Au-PeEL)EBL4704510 035 $a(CaPaEBR)ebr11274022 035 $a(CaONFJC)MIL498699 035 $a(OCoLC)960166015 035 $a(EXLCZ)992550000001064202 100 $a20161012h20122012 uy 0 101 0 $aeng 135 $aur|n|---||||| 181 $2rdacontent 182 $2rdamedia 183 $2rdacarrier 200 00$aSocialism vanquished, socialism challenged $eEastern Europe and China, 1989-2009 /$fedited by Nina Bandelj and Dorothy J. Solinger 210 1$aOxford, [England] ;$aNew York, New York :$cOxford University Press,$d2012. 210 4$d2012 215 $a1 online resource (269 p.) 300 $aDescription based upon print version of record. 311 $a0-19-989596-1 311 $a1-299-67449-6 320 $aIncludes bibliographical references and index. 327 $aCover; Contents; Acknowledgments; About the Contributors; Introduction: Postsocialist Trajectories in Comparative Perspective; PART ONE: REINSTITUTIONALIZING POLITICS; 1. 1989 and Its Aftermath: Two Waves of Democratic Change in Postcommunist Europe and Eurasia; 2. China Politics 20 Years Later; PART TWO: RECASTING STATE-SOCIETY RELATIONS; 3. Postsocialist Cleansing in Eastern Europe: Purity and Danger in Transitional Justice; 4. Responsive Authoritarianism and Blind-Eye Governance in China; PART THREE: REFORMING ECONOMIC SYSTEMS; 5. Notes on the Geopolitical Economy of Post-State Socialism 327 $a6. The 1989 Watershed in China: How the Dynamics of Economic Transition ChangedPART FOUR: TRANSFORMING ECONOMIC BEHAVIOR; 7. The Rise of Consumer Credit in the Postcommunist Czech Republic, Hungary, and Poland; 8. Financing Constraints on the Private Sector in Postsocialist China; PART FIVE: RESHAPING SOCIAL INSTITUTIONS; 9. Changing Family Formation Behavior in Postsocialist Countries: Similarities, Divergences, and Explanations; 10. Communist Resilience: Institutional Adaptations in Post-Tiananmen China; Postscript: The Fate of the State after 1989: Eastern Europe and China Compared; Index 327 $aAB; C; D; E; F; G; H; I; J; K; L; M; N; O; P; R; S; T; U; V; W; Y; Z 606 $aPost-communism$zEurope, Eastern 606 $aPost-communism$zChina 607 $aEurope, Eastern$xPolitics and government$y1989- 607 $aEurope, Eastern$xEconomic policy$y1989- 607 $aChina$xPolitics and government$y1976-2002 607 $aChina$xPolitics and government$y2002- 607 $aChina$xEconomic policy$y1976-2000 607 $aChina$xEconomic policy$y2000- 615 0$aPost-communism 615 0$aPost-communism 676 $a320.94709049 702 $aBandelj$b Nina 702 $aSolinger$b Dorothy J. 801 0$bMiAaPQ 801 1$bMiAaPQ 801 2$bMiAaPQ 906 $aBOOK 912 $a9910818155203321 996 $aSocialism vanquished, socialism challenged$93937567 997 $aUNINA